<?xml version="1.0" encoding="UTF-8"?>
<record
    xmlns:xsi="http://www.w3.org/2001/XMLSchema-instance"
    xsi:schemaLocation="http://www.loc.gov/MARC21/slim http://www.loc.gov/standards/marcxml/schema/MARC21slim.xsd"
    xmlns="http://www.loc.gov/MARC21/slim">

  <leader>01713nam a2200337 a 4500</leader>
  <controlfield tag="003">Mxchpua</controlfield>
  <controlfield tag="005">20260310090628.0</controlfield>
  <controlfield tag="007">ta</controlfield>
  <controlfield tag="008">250730s2025    mx bdeofs|||| 001 0 spa d</controlfield>
  <datafield tag="040" ind1=" " ind2=" ">
    <subfield code="a">mxchpua</subfield>
  </datafield>
  <datafield tag="090" ind1=" " ind2=" ">
    <subfield code="a">T.C.986</subfield>
    <subfield code="b">A43 EIUPA</subfield>
    <subfield code="c">2025</subfield>
  </datafield>
  <datafield tag="245" ind1="1" ind2="0">
    <subfield code="a">Empresa MASPESCA S.A. de C.V., Progreso, Yucat&#xE1;n, M&#xE9;xico /</subfield>
    <subfield code="c">coordinador Carlos Enrique &#xC1;lvarez Moreno ; colaboradores Luis Emanuel Gonz&#xE1;lez Flores...[y otros]</subfield>
  </datafield>
  <datafield tag="260" ind1=" " ind2=" ">
    <subfield code="a">Chapingo, M&#xE9;xico :</subfield>
    <subfield code="b">El autor,</subfield>
    <subfield code="c">2025</subfield>
  </datafield>
  <datafield tag="300" ind1=" " ind2=" ">
    <subfield code="a">1 recurso en l&#xED;nea (178 p&#xE1;ginas) :</subfield>
    <subfield code="b">mapas, gr&#xE1;ficas, diagramas, tablas, fotos, planos</subfield>
  </datafield>
  <datafield tag="336" ind1=" " ind2=" ">
    <subfield code="2">rdacontent</subfield>
    <subfield code="a">Texto</subfield>
    <subfield code="b">txt</subfield>
  </datafield>
  <datafield tag="337" ind1=" " ind2=" ">
    <subfield code="2">rdamedia</subfield>
    <subfield code="a">computadora</subfield>
    <subfield code="b">c</subfield>
  </datafield>
  <datafield tag="338" ind1=" " ind2=" ">
    <subfield code="2">rdacarrier</subfield>
    <subfield code="a">resurso en l&#xED;nea</subfield>
    <subfield code="b">cr</subfield>
  </datafield>
  <datafield tag="500" ind1=" " ind2=" ">
    <subfield code="a">7&#xB0; a&#xF1;o Grupo 1</subfield>
  </datafield>
  <datafield tag="502" ind1=" " ind2=" ">
    <subfield code="a">Viaje de Estudios</subfield>
    <subfield code="b">(EIUPA) --</subfield>
    <subfield code="c">UACh. Departamento de Ingenier&#xED;a Agroindustrial,</subfield>
    <subfield code="d">2025</subfield>
  </datafield>
  <datafield tag="504" ind1=" " ind2=" ">
    <subfield code="a">Bibliograf&#xED;a: p&#xE1;ginas 147-149</subfield>
  </datafield>
  <datafield tag="505" ind1="0" ind2=" ">
    <subfield code="a">4 planos : --
1. Plano de distribuci&#xF3;n de &#xE1;reas --
2. Plano de distribuci&#xF3;n de equipos --
3. Diagrama de recorrido nacional --
4. Diagrama de recorrido internacional</subfield>
  </datafield>
  <datafield tag="650" ind1="1" ind2="3">
    <subfield code="a">Industria pesquera</subfield>
    <subfield code="z">M&#xE9;xico</subfield>
    <subfield code="z">Yucat&#xE1;n  </subfield>
    <subfield code="9">152012</subfield>
  </datafield>
  <datafield tag="650" ind1="1" ind2="3">
    <subfield code="a">Industria de los alimentos congelados</subfield>
    <subfield code="z">M&#xE9;xico</subfield>
    <subfield code="z">Yucat&#xE1;n</subfield>
    <subfield code="9">185265</subfield>
  </datafield>
  <datafield tag="650" ind1="1" ind2="3">
    <subfield code="a">Plantas procesadoras de pescado</subfield>
    <subfield code="z">M&#xE9;xico</subfield>
    <subfield code="z">Yucat&#xE1;n</subfield>
    <subfield code="9">189716</subfield>
  </datafield>
  <datafield tag="650" ind1="1" ind2="3">
    <subfield code="a">Fish industry</subfield>
    <subfield code="z">Mexico</subfield>
    <subfield code="z">Yucat&#xE1;n</subfield>
    <subfield code="9">152010</subfield>
  </datafield>
  <datafield tag="650" ind1="1" ind2="3">
    <subfield code="a">Frozen foods industry</subfield>
    <subfield code="z">Mexico</subfield>
    <subfield code="z">Yucat&#xE1;n</subfield>
    <subfield code="9">158556</subfield>
  </datafield>
  <datafield tag="650" ind1="1" ind2="3">
    <subfield code="a">Fish processing plants</subfield>
    <subfield code="z">Mexico</subfield>
    <subfield code="z">Yucat&#xE1;n</subfield>
    <subfield code="9">189717</subfield>
  </datafield>
  <datafield tag="700" ind1="1" ind2=" ">
    <subfield code="a">&#xC1;lvarez Moreno, Carlos Enrique</subfield>
    <subfield code="e">coordinador</subfield>
    <subfield code="9">187445</subfield>
  </datafield>
  <datafield tag="700" ind1="1" ind2=" ">
    <subfield code="a">Gonz&#xE1;lez Flores, Luis Emanuel</subfield>
    <subfield code="9">190802</subfield>
    <subfield code="e">colaborador</subfield>
  </datafield>
  <datafield tag="856" ind1="4" ind2="1">
    <subfield code="y">DESCARGAR REPORTE</subfield>
    <subfield code="u">http://10.13.5.2/ve/TC986_EIUPA/TC986_EIUPA_2025-REPORTE.pdf</subfield>
  </datafield>
  <datafield tag="999" ind1=" " ind2=" ">
    <subfield code="c">220767</subfield>
    <subfield code="d">220767</subfield>
  </datafield>
  <datafield tag="952" ind1=" " ind2=" ">
    <subfield code="0">0</subfield>
    <subfield code="1">0</subfield>
    <subfield code="2">local</subfield>
    <subfield code="4">0</subfield>
    <subfield code="7">0</subfield>
    <subfield code="8">VEE</subfield>
    <subfield code="a">IA_</subfield>
    <subfield code="b">IA_</subfield>
    <subfield code="c">E_L</subfield>
    <subfield code="d">2025-07-30</subfield>
    <subfield code="e">El autor</subfield>
    <subfield code="l">0</subfield>
    <subfield code="o">T.C.986 A43 EIUPA 2025</subfield>
    <subfield code="p">1206015652</subfield>
    <subfield code="r">2025-07-30 19:35:31</subfield>
    <subfield code="w">2025-07-30</subfield>
    <subfield code="y">VEE</subfield>
  </datafield>
</record>
